Segundas jornadas sobre emergencias, riego y seguro agropecuario : por un seguro desarrollo del campo argentino

Guardado en:
Formato: Libro
Publicado: Buenos Aires : Inta, 2002
Materias:
Etiquetas: Agregar Etiqueta
Sin Etiquetas, Sea el primero en etiquetar este registro!
LEADER 00713nam a22001935a 4500
001 CEM.cems017108
005 20110922093323.0
008 130507s2002##################000#0#####d
003 CEMS
020 |a 987521079X 
082 0 4 |a 338 
245 0 0 |a Segundas jornadas sobre emergencias, riego y seguro agropecuario :  |b por un seguro desarrollo del campo argentino 
260 |a Buenos Aires :  |b Inta,  |c 2002 
300 |a 119 p. 
500 |a Jornadas desarrolladas en el Auditorio San Agustín de la Universidad Católica Argentina, 17 y 18 de julio de 2002.- 
653 |a Seguros agropecuarios 
653 |a Riesgo agrícola 
653 |a Emergencia agropecuaria 
859 |a CEMS  |b BIB. CEMS - Agricultura  |h 338  |i J769  |p A0799.08  |t Ej.1